Êtes vous dans la moyenne ? - Statistiques

Statistiques générales
  • Ce quiz a été pris 571 fois
  • Le résultat moyen est 6 sur 9
Statistiques - réponses
Question Réponse % Correct
J'aime le poulet frits Oui
89%
Je cligne des yeux 28 000 fois par jour Oui
85%
Je produit 1,5 LITRES de salives par jour Oui
82%
Je respire 11 000 litres par jour Oui
80%
J'ai plus d'idée Complètement
74%
Je mange de la viande 3 fois par semaine Oui
67%
J'ai entre 90 et 110 de QI Oui
54%
Je fais entre 60 et 76 kilos Oui
51%
Je fais entre 1 mètre 64 et 1 mètre 78 Oui
48%
Aucun quiz correspondant
Distribution des résultats
% des personnes avec chaque résultat
Percentile par nombre de réponses
Votre historique - résultats
Vous n’avez pas pris ce quiz